| 000 | 00580nam a2200157Ia 4500 | ||
|---|---|---|---|
| 008 | 210716s2007 xx 000 0 und d | ||
| 020 | _a9788126514731 | ||
| 041 | _aeng | ||
| 082 | _a005.30287 ARNT | ||
| 100 | _aArnold, Tom; Hopton, Dominic; Leonard, Andy; Frost, Mike. | ||
| 245 |
_aProfessional software testing with visual studio 2005 team system: tools for software developers and test engineers. _bTools for software developers and test engineers. |
||
| 250 | _a1 | ||
| 260 |
_aNew Delhi _bWiley India Pvt Ltd _c2007 |
||
| 300 | _axxviii,372 | ||
| 650 | _aSoftware Testing | ||
| 999 |
_c190530 _d190530 |
||